000 00453nam a2200145 4500
008 151027b xxu||||| |||| 00| 0 eng d
020 _a9789966467027
050 _aAFR PZ B4 .K56 2011
100 _aKimenye, Barbara.
_d2011.
245 _aKalasanda revisited.
_cBarbara Kimenye.
260 _aNairobi;
_bEAEP,
_c2011.
300 _a110 p.
_c18cm.
650 _aAfrican literature.
942 _2lcc
_cSH_L_BOOKS
_hAFR PZ B4 .K56 2011
_01
999 _c9473
_d9473